000
00191nam a2200085 4500
001
1236178
005
20251001144408.0
245
_a
BİLGİSAYAR VE BEYİN
_c
JOHN VON NEUMANN
260
_b
TÜBİTAK
999
_c
1236178
_d
1236178